Focus sur: Scatha - Tolkien - Statistiques

Statistiques générales
  • Ce quiz a été pris 11 fois
  • Le résultat moyen est 3 sur 7
Statistiques - réponses
Informations recherchées Réponses % Correct
Espèce Dragon
88%
Age durant lequel il vécut Premier/Deuxième/Troisième
75%
Forteresse Angband
50%
Groupe de l'espèce Urulókë (Drac-Feu)
50%
Première mention Le Seigneur des Anneaux : Le Retour du Roi
25%
Surnoms {Long} Ver
0%
Région Montagnes Grises
0%
Aucun quiz correspondant
Distribution des résultats
% des personnes avec chaque résultat
Percentile par nombre de réponses
Votre historique - résultats
Vous n’avez pas pris ce quiz